<The> Role of Islam in Socio-Economic Development of the Central Asian Countries – the Islamic Revival in Kazakhstan and Kyrgyzstan
Islam a jeho vplyv v spoločensko-politickom a ekonomickom živote postsovietskych stredoázijských krajín. Analýza vývoja v jednotlivých štátoch ukazuje zložitosť procesu, ktorý sa vyznačuje snahou nájsť riešenie, ktoré by poskytovalo optimálne využívanie regulačnej funkcie islamu v spoločnosti.
Salvato in:
| Autore principale: | |
|---|---|
| Natura: | Capitolo di libro |
| Lingua: | inglese |
| Soggetti: | |
| Tags: |
Nessun Tag, puoi essere il primo ad aggiungerne!!
|
MARC
| LEADER | 00000naa$a2200000$$$4500 | ||
|---|---|---|---|
| 001 | 0279385 | ||
| 005 | 20240502083848.7 | ||
| 041 | 0 | |a eng | |
| 044 | |a RU | ||
| 245 | 1 | 0 | |a <The> Role of Islam in Socio-Economic Development of the Central Asian Countries – the Islamic Revival in Kazakhstan and Kyrgyzstan |c Ľubomír Čech |
| 520 | |a Islam a jeho vplyv v spoločensko-politickom a ekonomickom živote postsovietskych stredoázijských krajín. Analýza vývoja v jednotlivých štátoch ukazuje zložitosť procesu, ktorý sa vyznačuje snahou nájsť riešenie, ktoré by poskytovalo optimálne využívanie regulačnej funkcie islamu v spoločnosti. | ||
| 610 | 2 | 0 | |a islam |
| 610 | 2 | 0 | |a náboženstvo |
| 610 | 2 | 0 | |a rozvoj hospodársky |
| 610 | 2 | 0 | |a rozvoj sociálny |
| 610 | 2 | 0 | |a stredná Ázia |
| 610 | 2 | 0 | |a Kazachstan |
| 610 | 2 | 0 | |a Kirgizsko |
| 100 | 1 | |a Čech, Ľubomír, 1955- | |